| 000 | 00664 a2200169 4500 | ||
|---|---|---|---|
| 003 | Nust | ||
| 005 | 20170207154204.0 | ||
| 020 | _a0-940937-00-X | ||
| 040 | _cNust | ||
| 082 | 0 | 4 | _a370 |
| 245 | 0 | 0 |
_aScholarships & grants for study or research in USA / _cAmerican Collegiate Service |
| 260 |
_aHouston : _bAmerican Collegiate Service, _c1986 |
||
| 300 | _a146 s. | ||
| 505 | _aFInancing Your Studies in USA (Page-4) Financial Aid From US Collages and Universities (Page-17) A Wards Form US Founditions and International Organization (Page-77) | ||
| 710 | 2 | _aAmerican Collegiate Service | |
| 740 | 0 | _ascholarships and grants : a scholarship handbook for foreign nationals | |
| 942 |
_2ddc _cBK |
||
| 999 |
_c194825 _d194825 |
||